Harry Potter Chapter Titles by Any Word Quiz Stats

 Plays Quiz Updated Jan 30, 2019

Support Sporcle.
Go Orange.
Score 0/199 Timer 14:00
16 Plays Today
Chapter Name % Correct
A Place to Hide
96.2%
A Very Frosty Christmas
95.9%
A Peck of Owls
95.8%
A Sluggish Memory
95.6%
The Boy Who Lived
91.2%
St Mungo's Hospital for Magical Maladies and Injuries
90.4%
The Only One He Ever Feared
90.2%
The Quidditch World Cup
89.7%
The Letters from No One
89.3%
Back to the Burrow
89.2%
The Quidditch Final
88.3%
The Will of Albus Dumbledore
88.2%
The Journey from Platform Nine and Three-Quarters
87.7%
Quidditch
87.4%
Christmas on the Closed Ward
86.6%
In the Hog's Head
86%
The Man with Two Faces
84.7%
Owl Post Again
84.6%
The Battle of Hogwarts
84.4%
Diagon Alley
84.1%
The Riddle House
83.8%
Owl Post
83.7%
The Noble and Most Ancient House of Black
83.7%
Aboard the Hogwarts Express
83.7%
The Secret Riddle
83.6%
The Life and Lies of Albus Dumbledore
83.3%
The Writing on the Wall
83.3%
The Ministry of Magic
83.1%
The Sacking of Severus Snape
83.1%
The Chamber of Secrets
82.9%
Snape Victorious
82.7%
The Goblet of Fire
82.6%
The Hogwarts High Inquisitor
82.3%
The Boggart in the Wardrobe
82.2%
The Very Secret Diary
81.5%
The Flaw in the Plan
81.2%
The Woes of Mrs Weasley
81%
Mayhem at the Ministry
80.9%
Hermione's Secret
80.3%
The Polyjuice Potion
80.2%
The Ghoul in Pyjamas
79.8%
In Memoriam
79.5%
The Forbidden Forest
79.5%
The Forest Again
79.4%
The Death Eaters
79.2%
The Servant of Lord Voldemort
78.6%
The Tale of the Three Brothers
78.1%
Out of the Fire
77.9%
Professor Umbridge
77.7%
The First Task
77.1%
An Excess of Phlegm
76.7%
The Sorting Hat
76.6%
The House-Elf Liberation Front
76.6%
The Half-Blood Prince
76.5%
The Order of the Phoenix
76.4%
The Burrow
76.4%
The Second Task
76.3%
The Dark Lord Ascending
76.3%
The House of Gaunt
76.1%
The Third Task
76.1%
Magic Is Might
76.1%
Mad-Eye Moody
75.7%
Gryffindor Versus Ravenclaw
75.6%
Flight of the Prince
75.6%
The Elder Wand
75.3%
The Heir of Slytherin
75.2%
The Potions Master
75%
Chapter Name % Correct
Malfoy Manor
74.8%
The Slug Club
74.6%
The Worst Birthday
74.5%
The Dementor
74.3%
Number Twelve, Grimmauld Place
74.2%
The Mirror of Erised
74.1%
Cat, Rat and Dog
73.9%
The Dark Mark
73.9%
Weasleys' Wizard Wheezes
73.6%
Bathilda's Secret
73.6%
Gilderoy Lockhart
72.8%
Snape's Worst Memory
72.6%
Moony, Wormtail, Padfoot and Prongs
72.3%
The Vanishing Glass
72.2%
The Unexpected Task
71.9%
The Sorting Hat's New Song
71.8%
The Knight Bus
71.7%
The Keeper of the Keys
71.6%
The Missing Mirror
71.5%
Luna Lovegood
71.2%
Dumbledore's Army
71.1%
Hagrid's Tale
71.1%
Dobby's Warning
70.5%
The Eye of the Snake
70.5%
Will and Won't
70.5%
Hallowe'en
70.5%
The Yule Ball
70.2%
Nineteen Years Later
69.8%
At Flourish and Blotts
69.6%
Norbert the Norwegian Ridgeback
69.6%
Dobby's Reward
69.6%
Through the Trapdoor
69.5%
The Madness of Mr Crouch
69.5%
Dudley Demented
69.4%
Aunt Marge's Big Mistake
69.3%
The Whomping Willow
69%
The Seven Potters
68.9%
The Four Champions
68.9%
The Other Minister
68.8%
The Second War Begins
68.5%
The Deathly Hallows
68.4%
The Marauder's Map
68.2%
Detention with Dolores
68.2%
Kreacher's Tale
68%
The Midnight Duel
67.9%
The Phoenix Lament
67.8%
Gringotts
67.4%
OWLs
67.3%
Nicolas Flamel
67.1%
Horace Slughorn
67%
Flight of the Fat Lady
66.9%
The Triwizard Tournament
66.7%
Aragog
66.7%
The Final Hiding Place
66.7%
Bagman and Crouch
66.5%
The Prince's Tale
66.5%
Birthday Surprises
66.3%
Xenophilius Lovegood
66.1%
Professor Trelawney's Prediction
65.8%
Flesh, Blood and Bone
65.7%
Elf Tails
65.6%
The Wedding
64.9%
The Leaky Cauldron
64.4%
The Egg and the Eye
64.4%
Cornelius Fudge
64.2%
The Beetle at Bay
63.9%
Percy and Padfoot
63.8%
Chapter Name % Correct
Hermione's Helping Hand
63.6%
The Deathday Party
63.5%
Lord Voldemort's Request
63.3%
The Duelling Club
63.1%
Godric's Hollow
62.9%
Rita Skeeter's Scoop
62.9%
The Dursleys Departing
62.8%
Padfoot Returns
62.4%
Spinner's End
62.4%
Grim Defeat
62%
The Dementor's Kiss
61.6%
The Lost Diadem
61.3%
The Lost Prophecy
61.1%
The Portkey
60.8%
Snape's Grudge
60.8%
Fight and Flight
60.4%
The Unknowable Room
59.5%
Horcruxes
59.4%
Beauxbatons and Durmstrang
59.4%
The Scar
59.1%
Talons and Tea Leaves
59.1%
Educational Decree Number Twenty-four
59%
King's Cross
58.9%
The Patronus
58.7%
The White Tomb
58.7%
The Lightning-Struck Tower
58.6%
The Cave
58.3%
The Firebolt
58%
The Weighing of the Wands
57.7%
Mudbloods and Murmurs
57.4%
The Pensieve
56.8%
Grawp
56.5%
The Silver Doe
56.5%
Shell Cottage
56.3%
The Department of Mysteries
56.2%
Draco's Detour
55.7%
The Unforgivable Curses
55.6%
The Hearing
54.4%
The Hungarian Horntail
54%
Priori Incantatem
53.8%
The Beginning
53.2%
The Dream
53%
The Rogue Bludger
52.7%
The Centaur and the Sneak
52.2%
Beyond the Veil
52%
Felix Felicis
51.3%
The Invitation
51%
The Advance Guard
51%
Silver and Opals
50.3%
The Muggle-Born Registration Commission
50%
Veritaserum
49.5%
The Parting of the Ways
49.3%
Occlumency
49.2%
The Goblin's Revenge
49%
Fallen Warrior
48.4%
The Wandmaker
48.3%
The Lion and the Serpent
47.7%
The Unbreakable Vow
46.7%
After the Burial
45.9%
Sectumsempra
45.6%
The Seer Overheard
45.1%
The Thief
45%
Seen and Unforseen
42.5%
Careers Advice
41.2%
The Bribe
41.1%

From the Vault

Missing Persons

by biggs364

History 8m
Alright but do you remember where you last saw them?
Remove Ads.
Support Sporcle.
Get the best of Sporcle when you Go Orange. This ad-free experience offers more features, more stats, and more fun while also helping to support Sporcle. Thank you for becoming a member.

Show Comments

Extras

Top Quizzes Today


Score Distribution

Your Account Isn't Verified!

In order to create a playlist on Sporcle, you need to verify the email address you used during registration. Go to your Sporcle Settings to finish the process.

Report this User

Report this user for behavior that violates our Community Guidelines.

Details: